|
|
|
|
| LEADER |
02369nam a2200373 a 4500 |
| 001 |
EBC655478 |
| 003 |
MiAaPQ |
| 005 |
20200520144314.0 |
| 006 |
m o d | |
| 007 |
cr cn||||||||| |
| 008 |
101015s2011 vtua sb 001 0 eng d |
| 010 |
|
|
|z 2010044185
|
| 020 |
|
|
|z 9780566091940 (hardback : alk. paper)
|
| 020 |
|
|
|a 9780566091957 (electronic bk.)
|
| 035 |
|
|
|a (MiAaPQ)EBC655478
|
| 035 |
|
|
|a (Au-PeEL)EBL655478
|
| 035 |
|
|
|a (CaPaEBR)ebr10443299
|
| 035 |
|
|
|a (CaONFJC)MIL922452
|
| 035 |
|
|
|a (OCoLC)708565001
|
| 040 |
|
|
|a MiAaPQ
|c MiAaPQ
|d MiAaPQ
|
| 050 |
|
4 |
|a HD58.7
|b .S254 2011
|
| 082 |
0 |
4 |
|a 658.4/063
|2 22
|
| 100 |
1 |
|
|a Salama, Alzira.
|
| 245 |
1 |
0 |
|a Creating and re-creating corporate entrepreneurial culture
|h [electronic resource] /
|c Alzira Salama.
|
| 260 |
|
|
|a Burlington, Vt. :
|b Gower Pub.,
|c 2011.
|
| 300 |
|
|
|a xvi, 185 p. :
|b ill.
|
| 504 |
|
|
|a Includes bibliographical references and index.
|
| 505 |
0 |
|
|a Entrepreneurial behaviour : an overview -- Unleashing entrepreneurial behaviour -- Culture and behaviour : what are the links? -- Biography of organisations and culture transformation -- Biography of organisations : a key for a transformation process -- Organisational culture transformation : cross-case analysis -- From bureaucracy and inertia to entrepreneurship : organic growth -- Causes of inertia and integrative model for culture evolution and transformation -- British airways story -- British nuclear fuels story -- Jaguar cars story -- British airports authority story -- Xerox do Brazil story -- Creating entrepreneurial synergies through cross-border acquisitions -- Corporate entrepreneurship and acquisitions : an introduction and integration process model -- The role of acculturation process : Ford- Volvo; Deutsche Bank- Bankers Trust; British Petroleum- AMOCO -- Integration strategies and entrepreneurial synergies : Electrolux- Zanussi and Elctrolux- Diamond- board -- The future of corporate entrepreneurship.
|
| 533 |
|
|
|a Electronic reproduction. Ann Arbor, MI : ProQuest, 2015. Available via World Wide Web. Access may be limited to ProQuest affiliated libraries.
|
| 650 |
|
0 |
|a Corporate culture.
|
| 650 |
|
0 |
|a Organizational change.
|
| 655 |
|
4 |
|a Electronic books.
|
| 710 |
2 |
|
|a ProQuest (Firm)
|
| 856 |
4 |
0 |
|u https://ebookcentral.proquest.com/lib/matrademy/detail.action?docID=655478
|z Click to View
|